[Event "CRI-ch"]
[White "Ugalde Garcia, Ronald"]
[Black "Salas Perez, Walter"]
[Site "San Jose"]
[Round "7"]
[Result "1-0"]
[Date "2002.??.??"]
[WhiteElo "2162"]
[BlackElo "2073"]
[PlyCount "51"]
[EventDate "2002.06.??"]
[EventType "swiss"]
[EventRounds "11"]
[EventCountry "CRI"]
[SourceTitle "EXT 2007"]
[Source "ChessBase"]
[SourceDate "2006.11.23"]
[SourceVersion "1"]
[SourceVersionDate "2006.11.23"]
[SourceQuality "1"]

1. e4 e6 2. d4 d5 3. Nd2 Nf6 4. e5 Nfd7 5. f4 c5 6. c3 Nc6 7. Ngf3 Qb6 8. Nb3 a5 9. a4 cxd4 10. Nfxd4 Nxd4 11. cxd4 Bb4+ 12. Kf2 0-0 13. Bd3 g6 14. g3 f6 15. Kg2 Nb8 16. h4 Nc6 17. h5 fxe5 18. hxg6 e4 19. Rxh7 Qd8 20. Qh5 Qf6 21. g7 Qf5 22. gxf8Q+ Kxf8 23. Qh6+ Ke8 24. Be2 e3 25. Nc5 Qc2 26. Rh8+ 1-0

[Event "CRI-ch"]
[White "Murillo Tsijli, Alexis"]
[Black "Salas Perez, Walter"]
[Site "Costa Rica"]
[Round "16"]
[Result "1-0"]
[Date "1997.??.??"]
[WhiteElo "2250"]
[BlackElo "2000"]
[PlyCount "79"]
[EventDate "1997.??.??"]
[EventType "tourn"]
[EventRounds "19"]
[EventCountry "CRI"]
[SourceTitle "EXT 1999"]
[Source "ChessBase"]
[SourceDate "1998.11.16"]
[SourceVersion "1"]
[SourceVersionDate "1998.11.16"]
[SourceQuality "1"]

1. e4 e6 2. d4 d5 3. Nd2 Nf6 4. e5 Nfd7 5. c3 c5 6. Bd3 Nc6 7. Ne2 Be7 8. 0-0 Qb6 9. Nf3 f6 10. exf6 Nxf6 11. Nf4 0-0 12. dxc5 Bxc5 13. Ng5 Ne7 14. Qe2 e5 15. Qxe5 Ng4 16. Bxh7+ Kh8 17. Qxe7 Rxf4 18. Qe8+ Rf8 19. Qh5 Nh6 20. h3 Bf5 21. Bxf5 Rxf5 22. Kh1 Bxf2 23. Bd2 Raf8 24. b4 Qf6 25. a4 Kg8 26. a5 a6 27. Rad1 Qc6 28. Qe2 R8f6 29. Rb1 Nf7 30. Nxf7 Kxf7 31. b5 axb5 32. Qxb5 Qxb5 33. Rxb5 Ra6 34. Be3 Raf6 35. Rxf2 Rxf2 36. Bxf2 Rxf2 37. Rxd5 Rc2 38. Rd7+ Kg6 39. Rxb7 Rxc3 40. Rb5 1-0

[Event "CRI-ch"]
[White "Valdes Romero, Leonardo"]
[Black "Salas Perez, Walter"]
[Site "Costa Rica"]
[Round "14"]
[Result "1-0"]
[Date "1997.??.??"]
[WhiteElo "2235"]
[BlackElo "2000"]
[PlyCount "78"]
[EventDate "1997.??.??"]
[EventType "tourn"]
[EventRounds "19"]
[EventCountry "CRI"]
[SourceTitle "EXT 1999"]
[Source "ChessBase"]
[SourceDate "1998.11.16"]
[SourceVersion "1"]
[SourceVersionDate "1998.11.16"]
[SourceQuality "1"]

1. c4 Nf6 2. Nc3 g6 3. g3 Bg7 4. Bg2 0-0 5. Nf3 d6 6. 0-0 Nbd7 7. d3 e5 8. Rb1 a5 9. a3 Ng4 10. h3 Nh6 11. b4 axb4 12. axb4 f5 13. Qb3 f4 14. Ne4 Nf6 15. Neg5 fxg3 16. fxg3 c6 17. c5+ d5 18. Nxe5 Nf5 19. g4 Nd4 20. Qd1 Qe7 21. Ngf3 Nxg4 22. Nxd4 Rxf1+ 23. Qxf1 Nxe5 24. Qf2 Bd7 25. Bf4 Qf6 26. Be3 Qxf2+ 27. Bxf2 Kf7 28. b5 Ke8 29. Be3 Bf8 30. Nb3 Ra2 31. bxc6 bxc6 32. Kf1 Rc2 33. Ra1 Rb2 34. Ra8+ Kf7 35. Nd2 Be7 36. Ra7 Ke8 37. Ke1 Bh4+ 38. Kd1 Rb5 39. Ra6 Bf6 1-0